[Event "FIDE-Wch k.o."]
[Site "Las Vegas"]
[Date "1999.08.03"]
[Round "2.1"]
[White "Asrian, Karen"]
[Black "Sadler, Matthew D"]
[Result "1-0"]
[WhiteElo "2575"]
[BlackElo "2626"]
[Annotator "Ftacnik,L"]
[PlyCount "101"]
[EventDate "1999.07.31"]
[EventType "k.o."]
[EventRounds "7"]
[EventCountry "USA"]
[SourceTitle "CBM 072"]
[Source "ChessBase"]
[SourceDate "1999.10.01"]
[SourceVersion "1"]
[SourceVersionDate "1999.10.01"]
[SourceQuality "1"]

1. e4 c5 2. Nf3 d6 3. d4 cxd4 4. Nxd4 Nf6 5. Nc3 a6 6. Be2 e5 7. Nb3 Be7 8. O-O
Be6 9. f4 Qc7 10. f5 Bc4 11. Bg5 Nbd7 12. a4 O-O (12... Bxb3 $6 13. cxb3 d5 $2
14. exd5 Qc5+ 15. Kh1 Nxd5 16. Bxe7 Nxe7 17. Ne4 $18) 13. Bxc4 (13. a5 $5 Rfc8
14. Kh1 h6 (14... b5 15. axb6 Nxb6 16. Bxf6 Bxf6 17. Bxc4 Nxc4 18. Nd5 Qd8 19.
Ra2 a5 20. Qd3 a4 $13 {Klovans,-Hoffmann/Biel/1994/}) 15. Bxf6 Nxf6 16. Bxc4
Qxc4 17. Qf3 Rc7 18. Nd2 Qb4 19. Rfb1 Rac8 20. Ra4 Qc5 21. Rba1 Bd8 {1/2-1/2
Oll,L-Kasparov,G/Moscow olm 1994 (42) (33)}) 13... Qxc4 14. a5 h6 (14... Rfc8
15. Ra4 (15. Rf2 h6 16. Bxf6 Nxf6 17. Ra4 Qc7 18. Rd2 b5 $1 $36 {0,5 /
Karpov-Gheorghiu/Moscow/1971/}) (15. Kh1 h6 16. Bh4 Bd8 17. Ra4 Qc6 18. Bxf6
Nxf6 19. Qf3 b5 20. axb6 Bxb6 21. Rd1 {1-0 Cabrilo,G-Arsovic,G/Nis 1995/ (33)})
15... Qc6 16. Kh1 $2 (16. Bxf6 $1 Nxf6 17. Qd3 Bd8) 16... Bd8 $2 (16... Nxe4 $1
17. Rxe4 $8 Bxg5 $17) 17. Bxf6 $1 Nxf6 18. Qd3 $14 b5 19. axb6 Bxb6 20. h3 $1 {
1-0 Dolmatov,S-Doroshkievich,V/Novgorod 1997/ (46)}) 15. Bh4 Rfc8 16. Ra4 Qc6
17. Qd3 b5 (17... Nc5 18. Nxc5 dxc5 (18... Qxc5+ 19. Bf2 Qc6 20. Rd1 $14) 19.
Bxf6 Bxf6 20. b3 $14) 18. axb6 Nxb6 19. Rxa6 Rxa6 20. Qxa6 Nc4 {It seems, that
black should have enough compensation due to the weakness of b2 and e4 pawns.}
(20... Ra8 21. Qe2 $16) 21. Qxc6 Rxc6 22. Rb1 Rc8 $6 (22... Nxb2 $2 23. Nd5
Nxd5 24. exd5 Rxc2 25. Bxe7 $18) (22... Ne3 $5 23. Bxf6 (23. Na1 Bd8 24. Bxf6
Bxf6 25. Kf2 Nc4 26. Nd5 Nd2 27. Nxf6+ gxf6 28. Rd1 Nxe4+ 29. Ke3 Nc5 30. b4
Na4 $14) 23... Bxf6 24. Ra1 Nxc2 25. Ra8+ Kh7 26. Nd5 Rc4 27. Rf8 Rxe4 28.
Nxf6+ gxf6 29. Rxf7+ Kg8 30. Rxf6 Rb4 31. Nd2 $14) 23. Bxf6 Bxf6 24. Nd5 Ra8
25. Kf2 (25. Nxf6+ gxf6 26. g4 Ra2 27. h3 Rxb2 28. Rxb2 Nxb2 29. Kf2 $14) 25...
Ra2 26. Ke2 Bg5 (26... Rxb2 $2 27. Ra1 $1 $18) (26... Nxb2 $2 27. Nc3 $18) 27.
g3 h5 (27... Rxb2 $2 28. Ra1 $1) 28. h4 Bh6 29. f6 $1 {[%mdl 32] Excellent
strategical move preparing the transposition into endgames with lesser number
of pieces.} g6 (29... Rxb2 $2 30. Ra1 gxf6 (30... Nb6 31. Nxb6 Rxc2+ 32. Kd3
Rg2 33. Nc8 Rxg3+ 34. Kc4 Rg4 35. Nxd6 Rxh4 36. fxg7 Bxg7 37. Kd5 $18) 31. Kd3
$18) (29... Kh7 30. fxg7 Kxg7 (30... Bxg7 31. Nb4 Rxb2 32. Ra1 d5 33. Kd3 Bf8
34. Nxd5 $18) 31. Ne7 Kf8 32. Nf5 Bg7 33. Nd2 Rxb2 34. Ra1 Nb6 35. Kd3 $16) 30.
Nc3 Rxb2 31. Rxb2 Nxb2 32. Na5 $1 g5 (32... Kf8 33. Nb5 Na4 34. Nxd6 Nc5 35.
Nac4 Nd7 36. c3 $16) 33. Nb5 gxh4 34. gxh4 Bf8 35. Nc6 {The white pawn on f6
decides the position, black will lose material.} Kh7 36. Ne7 Nc4 (36... Na4 37.
Nxd6 Nc5 38. Nxf7 Nxe4 39. Ng5+ Nxg5 40. hxg5 h4 41. Kf3 $18) 37. Kd3 Nb6 (
37... Nb2+ 38. Kc3 Na4+ 39. Kd2 Nc5 40. Nxd6 Nd7 41. Ne8 Kh8 42. Nd5 $16) 38.
Nxd6 Nd7 39. Nxf7 Nxf6 40. Nc6 Kg7 (40... Ng4 41. Nfxe5 Bg7 42. Nxg4 hxg4 43.
e5 Kg6 44. Ke4 g3 45. Kf3 Kf5 46. Kxg3 Ke6 47. Kf4 Kd5 48. Nb4+ Ke6 49. Nd3 $18
) 41. Nfxe5 Bd6 42. Nf3 Bg3 43. e5 Ng4 44. Ke4 Kf7 45. c4 Ke8 46. Ncd4 Nxe5 (
46... Nf2+ 47. Kf5 Nd3 48. Kf6 Ne1 49. c5 $18) 47. Nxe5 Bxh4 48. Nf5 Bf6 49.
Nf3 Kd7 50. Kd5 Bd8 51. c5 (51. c5 Bf6 52. c6+ Kc7 53. N3d4 Bxd4 54. Nxd4 h4
55. Ne6+ Kc8 56. Nf4 $18) 1-0

[Event "FRA-chT poule haute"]
[Site "France"]
[Date "2003.05.07"]
[Round "8.1"]
[White "Delchev, Aleksander"]
[Black "Kosten, Anthony C"]
[Result "1-0"]
[WhiteElo "2583"]
[BlackElo "2545"]
[Annotator "Ftacnik,L"]
[PlyCount "125"]
[EventDate "2003.05.07"]
[EventType "team"]
[EventRounds "4"]
[EventCountry "FRA"]
[SourceTitle "CBM 095"]
[Source "ChessBase"]
[SourceDate "2003.07.25"]
[SourceVersion "1"]
[SourceVersionDate "2003.07.25"]
[SourceQuality "1"]
[WhiteTeam "Nice"]
[BlackTeam "Monaco"]
[WhiteTeamCountry "FRA"]
[BlackTeamCountry "FRA"]

1. e4 c5 2. Nf3 d6 3. d4 Nf6 4. Nc3 cxd4 5. Nxd4 a6 6. Be2 e5 7. Nb3 Be7 8. Be3
Be6 9. Nd5 Nbd7 10. Qd3 O-O 11. c4 b5 12. cxb5 axb5 13. O-O Ra4 $6 {This
dubious novelty has a great disadvantage. If black will fail to generate real
counterplay for the exchange the game will be lost without real fight.} 14.
Qxb5 Rxe4 15. Nc3 d5 (15... Rxe3 $5 16. fxe3 Qa8 17. Qd3 d5 18. Rfb1 $16) (
15... Rh4 16. Bg5 $16) 16. Nxe4 Nxe4 (16... dxe4 17. Bc4 $18) 17. Na5 (17. Qc6
Nd6 18. f4 d4 19. Bf2 Qb8 20. Nc5 Nxc5 21. Qxc5 Qxb2 22. Qxe5 Bf6 23. Qh5 $16)
17... d4 (17... Nd6 $1 18. Nc6 (18. Qa6 Nb8 19. Qa7 d4 20. Bc1 e4 $14) 18...
Nxb5 19. Nxd8 Nd4 20. Bxd4 Rxd8 21. Bc3 d4 22. Ba5 Rb8 23. b3 e4 24. Rfc1 d3
25. Bd1 $14) 18. Nc6 Qe8 19. Bc1 (19. Nxe7+ Qxe7 20. Bc1 Nd6 21. Qa5 Rc8 $16)
19... Bc5 20. Qa6 (20. a3 Nd6 21. Qa5 e4 22. b4 Bb6 23. Qg5 $16) 20... Nb6 (
20... Bd5 21. Bc4 Bxc4 22. Qxc4 Qa8 23. Qb5 $16) 21. Bb5 $6 (21. Na5 Nd5 22.
Qd3 f5 23. a3 Nd6 $16) 21... Bc8 $2 {Kosten misses a golden opportunity to get
back into the game with the unpleasant pin 21...Bd7!?} (21... Bd7 $5 22. Na7
Bxb5 23. Qxb5 (23. Nxb5 $6 Qd7 24. Na3 d3 25. Be3 Ra8 26. Qb5 Qxb5 27. Nxb5
Bxe3 28. fxe3 Nc4 $15) 23... Qxb5 24. Nxb5 d3 25. b3 Rd8 26. Bb2 f6 $14) 22.
Qa5 Bd7 23. Bd3 Bxc6 24. Bxe4 Bb5 (24... Bxe4 25. Qxc5 Qe6 26. f3 Bd5 27. b3
$16) 25. Rd1 (25. a4 $5 Bxf1 (25... Nxa4 26. Rxa4 $18) (25... f5 26. axb5 fxe4
27. b4 $18) 26. Qxc5 Nd7 (26... Nxa4 27. Qc2 Bb5 28. Bxh7+ Kh8 29. Qf5 g6 30.
Qh3 Qd7 31. Qh6 $18) 27. Qc2 d3 28. Bxd3 Bxd3 29. Qxd3 $16) 25... Nc4 (25... f5
26. Bd3 Bxd3 27. Qxc5 Be2 28. Re1 $18) 26. Qe1 Qe6 27. a4 Bd7 (27... Ba6 28. b4
Bb6 29. b5 $18) 28. b4 Ba7 29. b5 f5 (29... Nd6 30. Bc2 e4 31. Bf4 Re8 32. Qb4
$18) 30. Bc2 e4 (30... Rc8 31. Bb3 Bb8 $16) 31. Bb3 Qf7 $2 {Black is already
facing enormous problems, but his resistance depends on the ability to keep
the center. The last meek move leads to completely lost position.} (31... Rc8
$1 32. Qb4 (32. Bb2 d3 33. Rac1 Kf8 34. Qb4+ Bc5 35. Qxc4 Bxf2+ 36. Kxf2 Rxc4
37. Rxc4 Qh6 38. Bd4 Qxh2 39. b6 $16) 32... e3 33. Rd3 exf2+ 34. Kxf2 Qf7 35.
a5 Be6 36. b6 Bb8 37. a6 Bd6 38. b7 Bxb4 39. bxc8=Q+ Bxc8 40. a7 Bb7 41. a8=Q+
Bxa8 42. Rxa8+ Bf8 43. Rxd4 $18) 32. Qb4 (32. b6 $1 Bb8 (32... Bxb6 33. Qb4 Be6
34. Bxc4 Bxc4 35. Qxb6 $18) 33. Rxd4 Be6 34. Bxc4 Bxc4 35. Bb2 Be5 36. Rxc4
Bxb2 37. Rc7 $18) 32... Be6 33. Bxc4 Bxc4 34. b6 Bb8 35. Rxd4 Bd3 (35... Be5
36. Qxc4 Qxc4 37. Rxc4 Bxa1 38. a5 Rd8 39. Kf1 $18) 36. Ba3 Re8 37. Re1 h6 (
37... Be5 38. Rxd3 exd3 39. Rxe5 Rxe5 40. b7 Re8 (40... Qxb7 41. Qf8#) 41. b8=Q
d2 42. Qxe8+ Qxe8 43. Qxd2 $18) (37... Qh5 38. Qb3+ Kh8 39. Bd6 $18) 38. g3 f4
39. Rxd3 $6 {It was much better to keep two extra pawns with the brave move 30.
Rdxe4!, now black can put up some resistance.} (39. Rdxe4 $1 Bxe4 40. Rxe4 Rd8
41. Qc4 f3 42. h4 Qxc4 43. Rxc4 $18) 39... exd3 40. Rxe8+ Qxe8 41. Qc4+ Kh8 42.
Qxd3 Qxa4 43. Bb2 (43. Qd8+ Kh7 44. Bb2 (44. Qxb8 $4 f3 $1 45. Qd6 Qc2 46. h3
Qb1+ 47. Kh2 Qf1 $19) 44... Qb3 45. Qd4 $18) 43... Qe8 44. Qf3 Qg6 45. Bd4 Kh7
46. Kf1 Qb1+ 47. Kg2 Qg6 48. Qb7 (48. b7 Bc7 49. Qd5 $18) 48... Bd6 49. Qc6 h5
(49... Bb8 50. Qxg6+ Kxg6 51. Kf3 fxg3 52. hxg3 Kf7 53. Ke4 $18) 50. b7 h4 51.
Qf3 Bb8 $6 {The last second rate move, it was much better to open up white
king with 51...hxg3!? Delchev would have to work harder for his point.} (51...
hxg3 $5 52. hxg3 fxg3 53. fxg3 Qe6 54. Be3 $18) 52. g4 $1 Qb1 53. Qd5 Qd1 54.
Qe4+ Kg8 55. Kh3 (55. h3 $2 f3+ 56. Qxf3 Qxd4 $15) 55... Qb3+ 56. Kxh4 Bd6 57.
Qe8+ Kh7 58. Qh5+ Kg8 59. Qe8+ Kh7 60. Qe4+ Kg8 61. g5 Qf7 62. g6 Qd7 63. Qd5+
1-0

[Event "UKR-ch KO 74th"]
[Site "Rivne"]
[Date "2005.09.02"]
[Round "5.3"]
[White "Areshchenko, Alexander"]
[Black "Efimenko, Zahar"]
[Result "1-0"]
[WhiteElo "2625"]
[BlackElo "2643"]
[Annotator "Ftacnik,L"]
[PlyCount "87"]
[EventDate "2005.08.24"]
[EventType "k.o."]
[EventRounds "5"]
[EventCountry "UKR"]
[SourceTitle "CBM 109"]
[Source "ChessBase"]
[SourceDate "2005.11.14"]
[SourceVersion "1"]
[SourceVersionDate "2005.11.14"]
[SourceQuality "1"]

1. e4 c5 2. Nf3 d6 3. d4 cxd4 4. Nxd4 Nf6 5. Nc3 a6 6. Be2 e5 7. Nb3 Be7 8. O-O
O-O 9. Be3 Be6 10. Qd3 Nbd7 11. Nd5 Bxd5 12. exd5 Nc5 13. Qd2 Nfe4 14. Qb4 a5 {
Efimenko is compromising his pawn structure on the queenside in order to
prepare for the dissolution of the tension with his hanging knights.} (14... b6
15. f4 (15. Nxc5 Nxc5 16. a4 a5 17. Qb5 Bg5 18. Bxg5 Qxg5 19. Qxb6 Qe7 20. b4
Rfb8 21. bxc5 Rxb6 22. cxb6 Qd8 {0-1 Abreu,A (2480)-Delgado,N (2481)/Santa
Clara 2001/ (45)}) 15... f5 16. Bf3 Rb8 17. Qc4 Bf6 18. c3 exf4 19. Bxf4 b5 20.
Qe2 Re8 21. Qc2 {1-0 David,A (2544)-Bekker Jensen,D (2264)/Antwerp 1999/ (59)})
15. Qb5 (15. Qc4 Rc8 16. Nxc5 Nxc5 17. Qb5 f5 18. c3 {1/2-1/2 Svidler,P (2735)
-Grischuk,A (2710)/Poikovsky 2005/}) 15... Qc7 16. Rfd1 (16. Nxc5 dxc5 17. Qc4
Nf6 18. Rfd1 Bd6 19. a3 Nd7 20. Rab1 Rac8 21. g4 Qd8 22. Kh1 Qh4 23. Rg1 e4 24.
Rg2 Rce8 {0-1 Nikolenko,O (2495)-Voitsekhovsky,S (2540)/Minsk 1998/ (50)}) (16.
Rad1 b6 17. f3 Nf6 18. f4 Nfd7 19. fxe5 dxe5 20. Qc6 Qd8 21. d6 Bg5 22. Bxg5
Qxg5 23. Bc4 {1-0 Cuijpers,F (2496)-Kohlweyer,B (2423)/Germany 2005/ (55)})
16... b6 (16... a4 17. Nxc5 Nxc5 18. Qc4 Rac8 19. b4 axb3 20. cxb3 Qd8 21. Rac1
f5 22. b4 Ne4 23. Qxc8 Qxc8 24. Rxc8 Rxc8 25. Bd3 f4 26. Rc1 {1-0 Svidler,P 
(2710)-Gelfand,B (2675)/Haifa 1998/ (35)}) 17. f3 (17. Qc4 f5 18. Bd3 Qd8 19.
Nxc5 Nxc5 20. a3 Rc8 21. Qb5 e4 22. Bf1 Bf6 23. Rab1 Be5 24. b4 axb4 25. Rxb4
Nd7 {0-1 Svidler,P (2713)-Polgar,J (2677)/Dos Hermanas 1999/ (33)}) 17... Nf6 (
17... Nxb3 18. axb3 Nc5 19. b4 axb4 20. Qxb4 $14) 18. Qc4 Qb7 $6 {It is
difficult to aprove of this queen move, much better seems proding white knight
with 18...a4!?} (18... a4 $5 19. Nxc5 dxc5 20. Qb5 Rfc8 21. a3 Bd6 $13) 19.
Nxc5 bxc5 (19... dxc5 20. d6 Bd8 21. Qa4 Qc8 22. c3 $16) 20. Qb3 Qc7 (20...
Qxb3 21. axb3 Rfb8 22. Kf2 $14) (20... Rfb8 21. Qxb7 Rxb7 22. b3 a4 23. Bc4 $14
) 21. Bb5 Nh5 (21... a4 22. Qd3 (22. Bxa4 c4 23. Qb5 Rab8 24. Qa6 Rxb2 25. Bc6
Rxc2 26. Rdc1 Rxc1+ 27. Rxc1 $14) 22... Qa5 23. c4 a3 24. Rab1 $16) 22. Qc4 f5
23. c3 Rab8 $2 {[%mdl 16] Black is not suspecting, that his position is so
critical. Areschenko will be able to transform the pawn structure entirely to
his benefit.} (23... f4 24. Bf2 Bd8 25. a3 Rb8 26. Rab1 $14) 24. b4 $1 Kh8 (
24... axb4 25. cxb4 Qb7 26. a4 cxb4 27. Qxb4 $16) 25. Rab1 Nf4 26. bxc5 (26. a4
Ng6 27. Rb3 f4 28. Bf2 Bh4 29. g3 Bg5 $132) 26... dxc5 27. Bxf4 $1 exf4 28. Re1
Bd6 (28... Rb6 29. a4 $16) 29. Re6 {White is in the driving seat and black has
no sounterplay at all.} Rbd8 30. a4 Rb8 31. Rbe1 Rbd8 32. Qe2 Qf7 33. c4 Qc7
34. Qb2 Kg8 (34... Rb8 35. h4 Rbd8 36. h5 Kg8 37. h6 $16) 35. h4 Rf7 36. Qe2
Rdf8 (36... Rff8 37. h5 h6 38. Qc2 Qf7 39. Qc3 Qc7 40. Be8 $16) 37. h5 $1 {
The advance of white h pawn is threatening to undermine the whole defensive
setup.} Rf6 (37... Qd8 38. Bc6 Qc7 39. Rb1 Qd8 40. Rb5 $16) 38. Rxf6 Rxf6 (
38... gxf6 39. Qe6+ Kh8 40. Rb1 Be5 41. h6 $16) 39. Qe8+ Bf8 (39... Rf8 40.
Qe6+ Kh8 41. h6 g6 42. Bc6 Qd8 43. Re2 Qc7 44. Rb2 Qd8 45. Rb7 Rf6 46. Rd7 $18)
40. Bd7 $1 {Light squared bishop was dominating the scene, his relocation is
breaking the last defensive bariers.} Qd6 (40... Qb6 41. Be6+ Kh8 42. Bf7 Qd6
43. Rb1 $18) 41. Re6 Qc7 (41... Rxe6 42. Bxe6+ Kh8 43. Qf7 $18) 42. Rxf6 gxf6
43. Be6+ Kg7 44. h6+ 1-0

[Event "Amsterdam Euwe Memorial"]
[Site "Amsterdam"]
[Date "1996.03.23"]
[Round "2"]
[White "Short, Nigel D"]
[Black "Gelfand, Boris"]
[Result "1-0"]
[WhiteElo "2665"]
[BlackElo "2700"]
[Annotator "Ftacnik,L"]
[PlyCount "87"]
[EventDate "1996.03.22"]
[EventType "tourn"]
[EventRounds "9"]
[EventCountry "NED"]
[EventCategory "18"]
[SourceTitle "CBM 052"]
[Source "ChessBase"]
[SourceDate "1996.06.01"]
[SourceVersion "1"]
[SourceVersionDate "1996.06.01"]
[SourceQuality "1"]

1. e4 c5 2. Nf3 d6 3. d4 cxd4 4. Nxd4 Nf6 5. Nc3 a6 6. Be2 e5 7. Nb3 Be7 8. O-O
Be6 9. f4 Qc7 10. Kh1 O-O (10... Nbd7 11. f5 Bc4 12. a4 O-O 13. a5 b5 14. axb6
Nxb6 15. Bg5 Rfc8 (15... Rfd8 16. Bxc4 Qxc4 17. Na5 Qc7 18. Bxf6 Bxf6 19. Qd3
Rdc8 20. Rfd1 Be7 21. g3 h6 {1-0 Jansa,V-Kulaots,K/Hamburg Wichern op (08)/
1993/ (45)}) 16. Bxf6 Bxf6 17. Bxc4 Nxc4 18. Nd5 Qd8 19. Ra2 a5 20. Nd2 Nb6 21.
b3 a4 22. Nxb6 Qxb6 23. Nc4 Qc6 24. Qd3 axb3 25. Rxa8 Rxa8 26. cxb3 h6 27. Rd1
Be7 $10 {Jansa,V-Szekely,P/Tallinn/1983/}) (10... Bc4 11. Be3 Nbd7 12. Qd2 Rc8
13. Rad1 b5 14. a3 O-O 15. f5 Rfd8 16. g4 d5 17. exd5 Nc5 18. Bxc4 bxc4 19.
Nxc5 Bxc5 20. Bxc5 Qxc5 21. h3 {1-0 Mottas,C-Potterat,M/Zuerich op2/1989/ (29)}
) 11. f5 Bc4 12. g4 $5 $146 {Kasparov has joked, that Short has only one idea
against the Sicilian: the move g2-g4. In this position it is new and
surprisingly unpleasant.} h6 (12... Nbd7 13. g5 Ne8 14. Bxc4 Qxc4 15. Rg1 $16)
(12... d5 13. exd5 (13. Nxd5 Nxd5 14. Bxc4 Qxc4 15. Nd2 Qd4 16. exd5 Qxd5+ 17.
Qf3 Rd8 $13) 13... Rd8 14. Bxc4 Qxc4 15. Bg5 $16) 13. g5 (13. h4 d5 $1 14. exd5
Rd8) 13... hxg5 14. Bxg5 Nbd7 (14... Nd5 15. Bxe7 Nxc3 16. bxc3 Bxe2 17. Qxe2
Qxe7 18. f6 $16) 15. Rg1 Rfc8 16. Bxc4 (16. Bh6 Bf8 17. Bxc4 Qxc4 18. Qf3 b5
19. Qg2 g6 20. fxg6 Bxh6 21. gxf7+ Kxf7 22. Qg6+ Ke6 23. Qxh6 $16) 16... Qxc4
17. Qf3 Kf8 18. a3 b5 19. Nd2 Qc6 20. Qh3 Ke8 {Sorry state of affairs, black
has to run from castling nest in order to avoid mate.} (20... Kg8 21. Bh6 Bf8
22. Rg5 d5 23. Rag1 $18) 21. Qh8+ Bf8 (21... Nf8 22. Qxg7 N8h7 23. Bh6 a5 24.
Rg2 $16) 22. Bxf6 Nxf6 (22... gxf6 23. Rg7 Qb7 24. Rag1 Rc5 25. Rh7 $16) 23.
Rxg7 a5 (23... d5 24. Nf3 Qd6 (24... Nxe4 25. Rxf7 Qc5 26. Qh5 $18) 25. exd5
Rxc3 26. bxc3 Qxd5 27. Rg3 Ne4 28. Rg8 $18) 24. Rg3 b4 (24... Nd7 25. Rc1 b4
26. axb4 axb4 27. Nd5 $18) 25. Qxf6 bxc3 26. bxc3 (26. Rxc3 Qa6 27. Rxc8+ Rxc8
28. c4 $18) 26... Qb7 (26... Rab8 27. Rg8 Qc7 (27... Qxc3 28. Qxd6 $18) 28. Qg7
Ke7 29. f6+ Ke6 30. Qg4+ Kxf6 31. Qg5+ Ke6 32. Rf1 $18) 27. Rb1 Qe7 28. Qh8
Rab8 29. Rbg1 Kd7 (29... Rb2 $2 30. f6 Qe6 31. Qxf8+ $1) 30. c4 (30. Nf1 Rb2
31. Ne3 Qd8 32. Qg8 $18) 30... Rb2 31. Rc3 Qd8 (31... a4 32. Nf3 Rcb8 33. c5
$18) 32. Qh7 Ke8 33. Rg8 Qf6 (33... Qb6 34. Qg7 Ke7 35. f6+ $18) 34. Kg2 Kd7
35. Nf1 Be7 (35... Bh6 36. Rg6 (36. Rxc8 Kxc8 37. Qg8+ Kd7 38. c5 $18) 36...
Rh8 37. Rxf6 Rxh7 38. c5 dxc5 39. Rxc5 $18) 36. Rg7 Rf8 37. Ne3 Qh4 38. Qxh4
Bxh4 {Black is two pawns down and all his pawns are potentially weak.} 39. c5
dxc5 (39... Rb5 40. c6+ Kc8 41. Nd5 $18) 40. Rxc5 a4 41. Kf3 Be7 42. Rd5+ Kc7
43. Rxe5 Bxa3 (43... Bf6 44. Nd5+ Kd6 45. Nxf6 Kxe5 46. Nd7+ $18) 44. Ra5 1-0

[Event "Rostock-07 IM Group"]
[Site "Rostock"]
[Date "1981.08.22"]
[Round "8"]
[White "Neukirch, Detlef"]
[Black "Bernard, Ryszard"]
[Result "0-1"]
[WhiteElo "2375"]
[BlackElo "2325"]
[Annotator "Ftacnik,L"]
[PlyCount "208"]
[EventDate "1981.08.15"]
[EventType "tourn"]
[EventRounds "9"]
[EventCountry "DDR"]
[EventCategory "4"]
[SourceTitle "MCL"]
[Source "ChessBase"]
[SourceDate "1999.07.01"]
[SourceVersion "1"]
[SourceVersionDate "1999.07.01"]
[SourceQuality "1"]

1. e4 c5 2. Nf3 d6 3. d4 cxd4 4. Nxd4 Nf6 5. Nc3 a6 6. Be2 e5 7. Nb3 Be7 8. O-O
O-O 9. a4 Be6 10. f4 Qc7 (10... exf4) 11. f5 Bc4 12. a5 Nbd7 13. Bxc4 Qxc4 14.
Ra4 Qc7 (14... Qc6 $5) 15. Qe2 Rfc8 16. Kh1 h6 17. Be3 Qd8 18. Nd2 Rc6 19. Nc4
Rac8 20. Rd1 Bf8 21. Bg1 Qc7 22. b3 Qd8 23. Raa1 Be7 24. Rd2 Qc7 25. Ra4 Qd8
26. Bf2 Qf8 27. Nd5 Nxd5 28. Rxd5 Nf6 29. Rd1 Qd8 30. Bh4 Ne8 31. Bxe7 Qxe7 32.
Nb6 Rd8 33. c4 Qh4 34. g3 Qg5 35. Nd5 Rd7 36. Kg2 Qd8 37. Ra2 Nf6 38. Nxf6+
Qxf6 39. Rd5 Rdc7 40. Rad2 b6 41. axb6 Rxb6 42. Qd1 Rcc6 43. R2d3 Kh7 44. h4
Qe7 45. Kh3 Qb7 46. Qf3 $6 (46. g4 {/\ g4-g5}) 46... Qe7 47. g4 Qf6 48. Qg2 (
48. Qe3 $142) 48... g5 49. fxg6+ fxg6 50. Rf3 Qe6 51. Kh2 $6 Rb7 52. Rd1 Rcc7
53. g5 $6 (53. Rdf1) 53... Rf7 54. Rdf1 Rf4 $1 55. Rxf4 exf4 56. Rxf4 Rxb3 57.
Rf3 Qe5+ 58. Kh3 Qe6+ 59. Kh2 Rxf3 60. Qxf3 hxg5 61. hxg5 Qxc4 62. Qf6 Qc7 63.
Qf8 $6 d5+ 64. Kg2 Qg7 65. Qc8 Qb2+ 66. Kf3 dxe4+ 67. Kxe4 Qg2+ 68. Kf4 Qh2+
69. Kf3 Qh5+ 70. Kf4 Qh4+ 71. Kf3 Qh1+ 72. Kg3 Qg1+ 73. Kf3 Qd1+ 74. Ke3 Qd6
75. Kf3 a5 76. Qb7+ Kg8 77. Qb5 Qd1+ 78. Kg2 Qg4+ 79. Kh2 Qf4+ 80. Kg2 Qe4+ 81.
Kh2 a4 82. Kg3 Qe3+ 83. Kg4 Qd4+ 84. Kg3 Qd6+ 85. Kg4 a3 86. Qb3+ Kf8 87. Kf3
Qc6+ 88. Kg3 Qc7+ 89. Kg2 Qc6+ 90. Kg3 Qd6+ 91. Kf3 Qe7 92. Kg4 Qe4+ 93. Kg3
Qe5+ 94. Kh3 Qb2 95. Qe6 Qc3+ 96. Kg2 Qd2+ 97. Kh3 Qxg5 98. Qd6+ $6 (98. Qc8+
Kf7 99. Qc4+ $1) 98... Qe7 99. Qxg6 Qe3+ 100. Kg2 Qe2+ 101. Kg3 $6 (101. Kg1 $5
) 101... Qe5+ 102. Kf3 a2 103. Qh6+ Kg8 104. Qg6+ Qg7 0-1

[Event "Montreal WCT"]
[Site "Montreal"]
[Date "2005.01.17"]
[Round "3"]
[White "Jakovenko, Dmitrij"]
[Black "Fedorowicz, John P"]
[Result "1-0"]
[WhiteElo "2596"]
[BlackElo "2507"]
[Annotator "Ftacnik,L"]
[PlyCount "97"]
[EventDate "2005.01.15"]
[EventType "tourn"]
[EventRounds "9"]
[EventCountry "CAN"]
[EventCategory "10"]
[SourceTitle "CBM 105"]
[Source "ChessBase"]
[SourceDate "2005.04.11"]
[SourceVersion "1"]
[SourceVersionDate "2005.04.11"]
[SourceQuality "1"]

1. e4 c5 2. Nf3 d6 3. d4 cxd4 4. Nxd4 Nf6 5. Nc3 a6 6. Be2 e5 7. Nb3 Be7 8. O-O
O-O 9. Kh1 b6 10. Be3 Bb7 11. f3 b5 12. a4 b4 13. Nd5 Nxd5 14. exd5 Nd7 15. c3
bxc3 16. bxc3 Bg5 17. Bf2 Qc7 18. c4 Rfb8 19. a5 Bc8 20. c5 $5 {Objectively
Jakovenko's move might not be the best, but it is certainly desirable. If
white can get protected passed pawn in the center black will face difficult
defensive task.} (20. Qc2 Rb4 21. Bd3 g6 22. Rfb1 Rab8 23. Be1 R4b7 24. Nd2 Be3
25. Rxb7 Rxb7 26. g4 Bd4 27. Ra2 Nc5 {Netzer,J-De Firmian,N/Stockholm 2003/
0-1 (41)}) 20... dxc5 (20... Nxc5 $5 21. Nxc5 dxc5 22. d6 Qc6 23. Bc4 Be6 (
23... Bb7 24. Qd3 Bf4 25. Rab1 $14) 24. Bxe6 fxe6 25. Qc2 (25. Re1 Bf4 26. Qc2
Qxd6 27. g3 Bg5 28. Qxc5 Qxc5 29. Bxc5 Rb5 $15) 25... Qxd6 26. Bxc5 Qc6 27. Qf2
Rb5 $15) 21. d6 Qc6 22. Bc4 Nf6 $2 {Fedorowicz decides to give up the c5 pawn
for free with the hope to get counterplay with his rook.} (22... Bb7 23. Qd3
Bf4 24. Qf5 Nf6 25. Bxc5 Bc8 26. Qc2 Bd7 $11) 23. Nxc5 Rb2 (23... Bf5 24. Re1
Bf4 25. Qe2 Qxd6 26. g3 Bd2 (26... Bh6 27. Qxe5 Qxe5 28. Rxe5 Bc8 29. Re7 $18)
27. Red1 Rb2 28. Ra2 Rxa2 29. Bxa2 Rd8 30. Nb3 $18) 24. Qa4 (24. Nd3 $5 Rd2 25.
Nxe5 Rxd1 26. Nxc6 Rxd6 27. Rad1 $16) 24... Qxa4 (24... Qxd6 25. Ne4 $18) 25.
Nxa4 Rc2 26. Bb3 (26. Nb6 Rb8 27. Bd3 Rd2 28. Ra3 $16) 26... Rd2 27. Nb6 Rb8
28. Rad1 {Not only is the d6 pawn very dangerous for black, but a6 is a
perfect target for white pieces.} h5 (28... Kf8 29. Bc4 $16) 29. h4 Bf4 30.
Nxc8 Rxb3 (30... Rxc8 31. g3 Bh6 32. Bb6 $16) 31. Rxd2 Bxd2 32. Rd1 Bxa5 (32...
Rb2 33. Kg1 Kf8 34. Nb6 Bxa5 35. Nc4 Rb5 36. Nxa5 Rxa5 37. d7 $16) 33. Ne7+ Kh7
(33... Kf8 34. Nc6 Rb2 35. Be3 Bb6 36. d7 Nxd7 37. Rxd7 $16) 34. d7 {White
will win a piece and the defender has only some murky chances in the ensuing
endgame.} Rb7 (34... e4 35. fxe4 Nxe4 36. Be1 Bd8 37. Nc6 Bf6 38. d8=Q Bxd8 39.
Nxd8 f5 40. Kh2 $16) 35. Nc6 Rxd7 36. Rxd7 Nxd7 37. Nxa5 Kg6 38. Nb7 Kf5 (38...
f5 $5 39. Kg1 Kf6 40. Bc5 Ke6 41. Ba3 Kd5 42. Nd6 g6 43. Nc8 $16) 39. Nc5 $1
Nxc5 40. Bxc5 e4 41. fxe4+ Kxe4 42. Kh2 {[%mdl 4096] White will win as his
bishop controls critical promotion square h8.} a5 43. Kg3 f6 (43... a4 44. Bf8
g6 45. Kf2 Kd4 46. Kf3 Kc3 47. Kf4 f6 48. Be7 $18) 44. Bf8 g5 (44... g6 45. Kf2
Kf4 46. Be7 f5 47. Bd6+ Kg4 48. g3 a4 49. Be7 f4 50. gxf4 Kxf4 51. Ke2 $18) 45.
Be7 Kf5 46. Ba3 a4 47. Bb2 Kg6 48. Kf3 Kf5 49. g3 {Jakovenko was winning even
in the lines when both players will get the new queen.} (49. g3 Kg6 50. Ke4 f5+
51. Ke5 f4 52. gxf4 gxh4 53. f5+ Kg5 54. Bc1+ Kg4 55. f6 h3 56. f7 h2 57. f8=Q
h1=Q 58. Qf5+ Kg3 59. Bf4+ $18) 1-0